LEADER 05089nam 2200649 450 001 9910148746103321 005 20161111160603.0 010 $a9781522516408$belectronic 010 $z9781522516392$bprint 024 7 $a10.4018/978-1-5225-1639-2 035 $a(CKB)3710000000920434 035 $a(MiAaPQ)EBC4729464 035 $a(CaBNVSL)gtp00566552 035 $a(OCoLC)962445481 035 $a(IGIG)00159565 035 $a(EXLCZ)993710000000920434 100 $a20161109d2017 fy 0 101 0 $aeng 135 $aurbn||||m|||a 181 $2rdacontent 182 $2rdamedia 183 $2rdacarrier 200 00$aMathematical concepts and applications in mechanical engineering and mechatronics /$fMangey Ram and J. Paulo Davim, editors 210 1$aHershey, PA :$cEngineering Science Reference, an imprint of IGI Global,$d[2017] 210 4$dİ2017 215 $aPDFs (494 pages) $cillustrations 225 1 $aAdvances in mechatronics and mechanical engineering (AMME) book series 311 08$a1-5225-1639-5 311 08$a9781522516392 320 $aIncludes bibliographical references and index. 327 $aEffective optimization of statistical decisions for age replacement problems under parametric uncertainty / N. A. Nechval, K. N. Nechval -- A multiresponse optimization model for statistical design of processes with discrete variables / Taha-Hossein Hejazi, Leilanaz Akbari -- Design optimization of a wind turbine using artificial intelligence / Jagan Jayabalan [and 3 others] -- Optimization of process parameters using Taguchi coupled genetic algorithm: machining in CNC lathe / Supriyo Roy, J. Paulo Davim, Kaushik Kumar -- Reliability optimization of complex systems using cuckoo search algorithm / Anuj Kumar, Sangeeta Pant, S. B. Singh -- Multi-objective optimization of die-sinking EDM process on AISI P-20 tool steel using cuckoo search and genetic algorithm / Goutam Kumar Bose, Pritam Pain, Sayak Mukhopadhyay -- Introduction to system reliability evaluation through Bayesian approach / M. Kumar, P. N. Bajeel -- Reliability analysis of engineering systems: an accelerated life testing for boiler tubes / Taha-Hossein Hejazi, Hossein Poursabbagh -- Monte Carlo simulation for reliability-based design of automotive complex subsystems / Taha-Hossein Hejazi, Amirmohsen Hejazi -- Reliability analysis of two dissimilar-cold standby redundant systems subject to inspection with preventive maintenance using Copula / Beena Nailwal, S. B. Singh -- Welding process under fault coverage approach for reliability and MTTF / Nupur Goyal, Mangey Ram, Pranshu Kumar -- 327 $aElectrical impedance modeling of electrochemical spark micromachining process / Anjali Vishwas Kulkarni -- Development of a material constitutive model and simulation technique to predict nonlinearities in piezoelectric materials under weak electric fields / M. K. Samal -- Walking control of humanoid robots on uneven ground using fuzzy algorithm / Saeed Abdolshah [and 3 others] -- Development of path tracking control algorithm for a 4 DOF spatial manipulator using PID controller / Pradeep Reddy Bonikila, Ravi Kumar Mandava, Pandu Ranga Vundavilli -- Efficient planning: in-service inspections of fatigued structures under parametric uncertainty / N. A. Nechval, K. N. Nechval -- Stochastic approach to uncertainty control in multiphysics systems: modeling of carbon balance and analysis of GHG emissions using satellite tools / Yuriy V. Kostyuchenko [and 3 others] -- Journey from Order to Chaos and Returning / Anuraj Singh -- Combustion instability analysis using wavelets in conventional diesel engine / Rakesh Kumar Maurya, Akhil Nekkanti -- Numerical simulation of high temperature deformation behavior of nickel-based superalloys using crystal plasticity models and finite element method / M.K. Samal. 330 3 $a"This book offers the latest scholarly research on the use of applied mathematics to enhance the current trends and productivity in mechanical engineering, highlighting theoretical foundations, real-world cases, and future directions"--Provided by publisher. 410 0$aAdvances in mechatronics and mechanical engineering (AMME) book series. 606 $aMechanical engineering$xMathematics 606 $aMechatronics$xMathematics 610 $aArtificial intelligence 610 $aDecision making models 610 $aDesign optimization 610 $aElectrical discharge machining 610 $aElectrochemical spark micromachining 610 $aFatigue reliability 610 $aReliability optimization 610 $aWelding 615 0$aMechanical engineering$xMathematics. 615 0$aMechatronics$xMathematics. 676 $a510.24/621 700 $aRam$b Mangey$01220697 702 $aRam$b Mangey 702 $aDavim$b J. Paulo 801 0$bCaBNVSL 801 1$bCaBNVSL 801 2$bCaBNVSL 906 $aBOOK 912 $a9910148746103321 996 $aMathematical concepts and applications in mechanical engineering and mechatronics$92827008 997 $aUNINA LEADER 01652nam 2200373 450 001 9910683390703321 005 20230704213131.0 010 $a3-0365-6660-0 035 $a(CKB)5700000000354322 035 $a(NjHacI)995700000000354322 035 $a(EXLCZ)995700000000354322 100 $a20230704d2023 uy 0 101 0 $aeng 135 $aur||||||||||| 181 $ctxt$2rdacontent 182 $cc$2rdamedia 183 $acr$2rdacarrier 200 00$aImplementation of Chemometrics and Other Techniques as Means of Authenticity and Traceability to Detect Adulteration in Foods for the Protection of Human Health /$fTheodoros Varzakas, editor 210 1$aBasel :$cMDPI - Multidisciplinary Digital Publishing Institute,$d2023. 215 $a1 online resource (220 pages) 311 $a3-0365-6661-9 330 $aAuthenticity and traceability are crucial in order to overcome frauds in the international food trade. Control measures are perceived as the greatest vulnerability in the food supply chain. In order to decrease contribution to the overall perceived fraud vulnerability, analytical approaches and chemometrics are usually employed. 606 $aChemometrics 606 $aAnalytical chemistry 615 0$aChemometrics. 615 0$aAnalytical chemistry. 676 $a543.0072 702 $aVarzakas$b Theodoros 801 0$bNjHacI 801 1$bNjHacl 906 $aBOOK 912 $a9910683390703321 996 $aImplementation of Chemometrics and Other Techniques as Means of Authenticity and Traceability to Detect Adulteration in Foods for the Protection of Human Health$93085014 997 $aUNINA